Asam andolanar tathyakosh: (Record no. 11787)

MARC details
000 -LEADER
fixed length control field 00632nam a22001937a 4500
005 - DATE AND TIME OF LATEST TRANSACTION
control field 20260515115020.0
008 - FIXED-LENGTH DATA ELEMENTS--GENERAL INFORMATION
fixed length control field 240514b |||||||| |||| 00| 0 eng d
040 ## - CATALOGING SOURCE
Original cataloging agency IN-DiNC
Transcribing agency IN-DiNC
041 ## - LANGUAGE CODE
Language code of sung or spoken text asm
082 ## - DEWEY DECIMAL CLASSIFICATION NUMBER
Classification number 322.44954162
Item number ASA
245 ## - TITLE STATEMENT
Title Asam andolanar tathyakosh:
Remainder of title shirkshabindu- juye pura tirashi (1982-1983)/
Statement of responsibility, etc. ed. by Diganta Oza
250 ## - EDITION STATEMENT
Edition statement 1st ed.
Remainder of edition statement V.4
260 ## - PUBLICATION, DISTRIBUTION, ETC.
Place of publication, distribution, etc. Guwahati:
Name of publisher, distributor, etc. Implementation of Assam Accord Department, Government of Assam,
Date of publication, distribution, etc. 2022.
300 ## - PHYSICAL DESCRIPTION
Extent 1152p.
650 ## - SUBJECT ADDED ENTRY--TOPICAL TERM
Topical term or geographic name entry element Data book on Assam agitation
650 ## - SUBJECT ADDED ENTRY--TOPICAL TERM
Topical term or geographic name entry element Assam Agitation 1982-1983
700 ## - ADDED ENTRY--PERSONAL NAME
Personal name Oza, Diganta
Relator term Editor
942 ## - ADDED ENTRY ELEMENTS (KOHA)
Source of classification or shelving scheme Dewey Decimal Classification
Koha item type Books
Holdings
Withdrawn status Lost status Source of classification or shelving scheme Damaged status Not for loan Collection Home library Current library Shelving location Date acquired Cost, normal purchase price Total checkouts Full call number Barcode Date last seen Copy number Price effective from Koha item type
    Dewey Decimal Classification       Naharkatiya College Library Naharkatiya College Library General stacks 05/14/2024 1000.00   322.44954162 ASA 30004 05/14/2024 1 05/14/2024 Books